Hodnotenie ekonomických a sociálnych opatrení (HESO 2002) január 2002 - december 2002

Enregistré dans:
Détails bibliographiques
Autres auteurs: Zachar, Dušan
Format: Livre
Langue:slovaque
Publié: Bratislava Milan Kisztner - PR1 [2003]
Sujets:
Tags: Ajouter un tag
Pas de tags, Soyez le premier à ajouter un tag!

MARC

LEADER 00000nam$a2200000$$$4500
001 0009316
005 20240318125601.1
020 |a 80-89026-11-7 
041 0 |a slo 
044 |a SK 
245 1 0 |a Hodnotenie ekonomických a sociálnych opatrení (HESO 2002)  |b január 2002 - december 2002  |c Dušan Zachar (ed.) 
264 1 |a Bratislava  |b Milan Kisztner - PR1  |c [2003] 
300 |a 159 s. 
610 2 0 |a politika hospodárska 
610 2 0 |a politika sociálna 
610 2 0 |a projekty 
610 2 0 |a zákony 
610 2 0 |a štát 
610 2 0 |a sektory hospodárske 
610 2 0 |a komentáre 
610 2 0 |a Slovensko 
610 2 0 |a 2002 
700 1 |a Zachar, Dušan